000 00804nam a2200241Ia 4500
001 8831
003 GE_BSU
008 181216s||||||||xx |||||||||||||| ||und||
040 _cGE_BSU
080 _a821.353.1–31
100 _aებანოიძე,ალექსანდრე
245 _aიმერული ქორწილი
245 _bრომანი
245 _cთარბმნა ც.ჩხაიძე,რედ:ე.კეჭაღმაძე,მხატვ:ც.გაჩეჩილაძე
250 _a1-ლი გამოც.
260 _aთბილისი
260 _bმერანი
260 _c1984
300 _a303გვ,20სმ
653 _aიმერული ქორწილი
653 _aრომანი
942 _cBK
999 _c42139
_d42139